| 000 | 00598nam a2200181Ia 4500 | ||
|---|---|---|---|
| 008 | 151018s9999 xx 000 0 und d | ||
| 082 |
_bRBASDV112 _a954 |
||
| 100 | _aवि पां नेने | ||
| 245 | _aभारतीय शासनपद्धती-२ | ||
| 250 | _b1 | ||
| 260 |
_bनेने वि पा _c1923 |
||
| 300 | _a30 | ||
| 600 | _aवि पां नेने | ||
| 630 | _aभारतीय शासनपद्धती-२ | ||
| 700 | _aवि पां नेने | ||
| 730 | _aभारतीय शासनपद्धती-२ | ||
| 942 | _cBOOK | ||
| 999 |
_c1002582 _d1002579 |
||